| 000 | 01034cam a22001934a 4500 | ||
|---|---|---|---|
| 005 | 20250605164409.0 | ||
| 008 | 250528s ||||||||||||||||||||||||d | ||
| 035 | _a24942 | ||
| 020 | _a9781405151559 | ||
| 040 |
_aGR-AtMCL _bgre _dGR-AtMCL _eAACR2 |
||
| 245 | 1 | _aReading Development and Difficulties | |
| 260 |
_bBps Blackwell, _c2010 |
||
| 300 | _a264 | ||
| 520 | _aThis book provides a comprehensive and balanced introduction to the development of these two core aspects of reading. Preface, Introduction to the study of reading, Skilled Word Reading, The Skilled Comprehender, Learning to Read Words, The Development of Reading Comprehension, Developmental Dyslexia, Reading Comprehension Difficulties, Instruction and Intervention, The Assessment of Reading, The Simple View of Reading: A Framework for the Study of Reading Development and Reading Difficulties, Conclusions, Further Reading, Definition, Bibliography, Glossary, Index. | ||
| 700 | 1 |
_aCain Kate _99689 |
|
| 942 | _cBK | ||
| 999 |
_c9768 _d9768 |
||